000 00502nam a2200169Ia 4500
008 220216s9999 xx 000 0 und d
100 _aSagar Ram
_cet al
245 0 _aARIES, Nainital: A strategically important location for climate change studies in the Central Gangetic Himalayan region
260 _bCurrent Science
_c2015
300 _a703-713
650 _aAerosols
650 _aAir pollution
650 _aClimate change
650 _aTrace gases
650 _aWind prolifer
942 _cJS
999 _c54486
_d54486